Mixmaster (Record no. 67603)
[ view plain ]
| 000 -LEADER | |
|---|---|
| fixed length control field | 00768cam a2200217 4500 |
| 001 - CONTROL NUMBER | |
| control field | X113471 |
| 008 - FIXED-LENGTH DATA ELEMENTS--GENERAL INFORMATION | |
| fixed length control field | 000000n2001 000 0 eng u |
| 035 ## - SYSTEM CONTROL NUMBER | |
| System control number | (Sirsi) u113471 |
| 100 ## - MAIN ENTRY--PERSONAL NAME | |
| Personal name | Tebbutt-Russell, A. |
| 245 ## - TITLE STATEMENT | |
| Title | Mixmaster |
| 260 ## - PUBLICATION, DISTRIBUTION, ETC. | |
| Date of publication, distribution, etc. | 2001 |
| 490 ## - SERIES STATEMENT | |
| Series statement | Building Homes |
| Volume/sequential designation | (6) June 2001, 47(1) |
| 520 ## - SUMMARY, ETC. | |
| Summary, etc. | Outlines how statistical predictive modelling, combining demographic data on potential customers, housing types, location and branding etc, can help housebuilders to determine the most profitable product mix for any given site. |
| 650 ## - SUBJECT ADDED ENTRY--TOPICAL TERM | |
| Topical term or geographic name entry element | HOUSE BUILDERS |
| 650 ## - SUBJECT ADDED ENTRY--TOPICAL TERM | |
| Topical term or geographic name entry element | HOUSE BUILDING |
| 650 ## - SUBJECT ADDED ENTRY--TOPICAL TERM | |
| Topical term or geographic name entry element | HOUSING MIX |
| 650 ## - SUBJECT ADDED ENTRY--TOPICAL TERM | |
| Topical term or geographic name entry element | STATISTICAL MODELS |
| 650 ## - SUBJECT ADDED ENTRY--TOPICAL TERM | |
| Topical term or geographic name entry element | STATISTICAL PREDICTIVE MODELLING |
| 690 ## - LOCAL SUBJECT ADDED ENTRY--TOPICAL TERM (OCLC, RLIN) | |
| Topical term or geographic name as entry element | HOUSING-DEVELOPMENT |
| 942 ## - ADDED ENTRY ELEMENTS (KOHA) | |
| Suppress in OPAC | 0 |
| Withdrawn status | Lost status | Source of classification or shelving scheme | Damaged status | Not for loan | Home library | Current library | Shelving location | Date acquired | Total Checkouts | Full call number | Barcode | Date last seen | Copy number | Price effective from | Koha item type |
|---|---|---|---|---|---|---|---|---|---|---|---|---|---|---|---|
| Dewey Decimal Classification | London | London | Journal article | 05/07/2001 | X113471 | 113471-1001 | 06/08/2019 | 1 | 06/08/2019 | Journal article |